| 000 | 00513cam a22001574a 4500 | ||
|---|---|---|---|
| 020 | _a0321348273 (pbk.) | ||
| 050 | 0 | 0 |
_aHB 172.5 _b.E42 2006 |
| 100 | 1 |
_aEkelund, Robert B. _d1940- |
|
| 245 | 1 | 0 |
_aMacroeconomics : _bprivate markets and public choice / _cRobert B. Ekelund, Jr., Rand W. Ressler, Robert D. Tollison. |
| 250 | _a7th ed. | ||
| 260 |
_aBoston, Mass. : _bPearson/Addison-Wesley, _cc2006. |
||
| 300 | _axxxi, 838 p. : | ||
| 700 | 1 | _aTollison, Robert D. | |
| 700 | 1 | _aRessler, Rand W. | |
| 942 |
_2lcc _cGEN |
||
| 999 |
_c10756 _d10756 |
||